| 000 | 01534cam a22003614a 4500 | ||
|---|---|---|---|
| 001 | 12256063 | ||
| 003 | OSt | ||
| 005 | 20240627095535.0 | ||
| 008 | 001213s2001 enka b 001 0 eng | ||
| 010 | _a 00068915 | ||
| 020 | _a0521804477 | ||
| 020 | _a0521010683 (pb.) | ||
| 040 |
_aDLC _cMUST _dDLC |
||
| 041 | 1 |
_aeng _hdan |
|
| 042 | _apcc | ||
| 082 | 0 | 0 | _a363.7 LOM 2001 |
| 100 | 1 |
_aLomborg, Bjørn, _d1965- _918146 |
|
| 240 | 1 | 0 |
_aVerdens sande tilstand. _lEnglish |
| 245 | 1 | 4 |
_aThe skeptical environmentalist : _bmeasuring the real state of the world / _cBjørn Lomborg. |
| 260 |
_aCambridge ; _aNew York : _bCambridge University Press, _c2001. |
||
| 300 |
_axxiii, 515 p. : _bill. ; _c26 cm. |
||
| 504 | _aIncludes bibliographical references (p. [435]-505) and index. | ||
| 650 | 0 |
_aGlobal environmental change. _918069 |
|
| 650 | 0 |
_aPollution. _97130 |
|
| 650 | 0 |
_aHuman ecology. _94354 |
|
| 856 | 4 | 1 |
_3Sample text _uhttp://www.loc.gov/catdir/samples/cam031/00068915.html |
| 856 | 4 | 2 |
_3Publisher description _uhttp://www.loc.gov/catdir/description/cam021/00068915.html |
| 856 | 4 | 1 |
_3Table of contents _uhttp://www.loc.gov/catdir/toc/cam021/00068915.html |
| 856 | 4 | 2 |
_3Contributor biographical information _uhttp://www.loc.gov/catdir/enhancements/fy0731/00068915-b.html |
| 906 |
_a7 _bcbc _corignew _d1 _eocip _f20 _gy-gencatlg |
||
| 942 |
_2ddc _cO_SHELF |
||
| 999 |
_c8963 _d8963 |
||